000 01349nam a2200277 i 4500
001 61937
003 ES-MaACL
005 20250809052455.0
007 t|
008 031114s1906 sp |||| | spa d
100 1 _aFalckenberg, Richard.
_948696
245 1 3 _aLa filosofía alemana desde Kant /
_cR. Falckenberg ; breve resumen traducido y adicionado por F. Giner.
260 _aMadrid :
_bLibrería General de Victoriano Suárez,
_c1906 (
_fImp. de Fortanet)
300 _aXIII, 247 p. ;
_c19 cm.
490 1 _aBiblioteca de derecho y de ciencias sociales
505 8 _aContiene: Kant ; Fichte ; Schelling ; El círculo schelliniano ; Hegel ; Herbart ; Schopenhauer ; La izquierda hegeliana ; Fechner, Lotze, Trendelenburg, Filosofía católica ; Hartmann y Nietzsche ; Neokantismo, positivismo y tendencias afines
530 _aDisponible en formato digital.
650 4 _aFilosofía-
_zAlemania-
_yS.XVIII.
_9162422
650 4 _aFilosofía-
_zAlemania-
_yS.XIX.
_9144630
700 1 _aGiner de los Ríos, Francisco,
_d1839-1915
_957122
830 1 0 _aBiblioteca de derecho y de ciencias sociales
_9182270
852 _aES-MaACL
_jF-12505
_cSPD2
_zRevisado enlace: 21 de julio de 2025
856 4 _uhttp://bdh-rd.bne.es/viewer.vm?id=0000086153&page=1
_yBiblioteca Digital Hispánica
942 _2udc
999 _c61937
_d61937